Odmeňovanie zamestnaneckých inovácií vo svete – sumarizácia súčasného výskumu

V Slovenskej republike neexistujú žiadne verejné prieskumy, ktoré by mapovali zvyklosti podnikov verejného a súkromného sektora ohľadne celkovej výšky odmien za podnikové vynálezy. Rozdielny spôsob odmeňovania zamestnancov za zamestnanecké vynálezy v jednotlivých krajinách. Investície do nehmotných...

Descripción completa

Guardado en:
Detalles Bibliográficos
Autor principal: Kardoš, Peter
Otros Autores: Jakubec, Miroslav
Formato: Capítulo de libro
Lenguaje:eslovaco
Materias:
Etiquetas: Agregar Etiqueta
Sin Etiquetas, Sea el primero en etiquetar este registro!

MARC

LEADER 00000nla a2200000 4500
001 0228831
005 20240527082313.4
041 0 |a slo 
044 |a SK 
245 1 0 |a Odmeňovanie zamestnaneckých inovácií vo svete – sumarizácia súčasného výskumu  |c Peter Kardoš, Miroslav Jakubec 
520 |a V Slovenskej republike neexistujú žiadne verejné prieskumy, ktoré by mapovali zvyklosti podnikov verejného a súkromného sektora ohľadne celkovej výšky odmien za podnikové vynálezy. Rozdielny spôsob odmeňovania zamestnancov za zamestnanecké vynálezy v jednotlivých krajinách. Investície do nehmotných aktív ako zdroj konkurenčných výhod. 
610 2 0 |a vynálezy 
610 2 0 |a inovácia 
610 2 0 |a transfer inovácií 
610 2 0 |a vynálezcovia 
610 2 0 |a odmeňovanie 
610 2 0 |a aktíva nehmotné 
610 2 0 |a výhody konkurenčné 
100 1 |a Kardoš, Peter 
700 1 |a Jakubec, Miroslav